Demand for money by firms (Record no. 25548)

MARC details
000 -LEADER
fixed length control field 00283nam a2200109Ia 4500
082 ## - DEWEY DECIMAL CLASSIFICATION NUMBER
Classification number 336.741.237.1
Item number COA
100 ## - MAIN ENTRY--AUTHOR NAME
Personal name COATES, Robert C
245 #0 - TITLE STATEMENT
Title Demand for money by firms
260 ## - PUBLICATION, DISTRIBUTION, ETC. (IMPRINT)
Place of publication New York
Name of publisher Marcel Dekker
Year of publication 1976
942 ## - ADDED ENTRY ELEMENTS (KOHA)
Koha item type Books
Holdings
Withdrawn status Lost status Damaged status Not for loan Home library Current library Date acquired Full call number Accession Number Koha item type
        RRII Library RRII Library 16/12/2021 336.741.237.1 COA 06205 Books